01011cam a22002655a 45000010009000000050017000090080041000260200022000670200025000890400028001140820027001422450088001692600051002573000037003085000024003456500040003696500047004096500047004566510010005036530034005137000025005479420008005729990017005809520148005971799642620201128021440.0140113t2013 caua fr 001 0 eng d a0735675430 (pbk.) a9780735675438 (pbk.) aDLCcDLCbengdEG-ScBUE04222a658.472028553bBUS00aBusiness intelligence in Microsoft SharePoint 2013 /cNorman P. Warren ... [et. al] aSebastopol : bMicrosoft Corporation,cc.2013. axxvi, 376 p. :cill. ; b23 cm.  aIndex : p. 361-376. 72BUEshaBusiness intelligence.93881 72BUEshaIntranets (Computer networks)91651 72BUEshaBusinessxComputer programs.926039 2BUEsh bCOMSCIcJuly2015cJanuary20161 aWarren, Norm.939152 2ddc c20378d20350 00102ddc40708BaccahaMAINbMAINc1STd2015-07-28ePurchaseg280.00h21759l0o658.472028553 BUSp000030671r2025-07-15 00:00:00v350.00yBB